|
|
|
|
| LEADER |
01151nam a2200301 a 4500 |
| 001 |
12231549 |
| 008 |
100103s1997 ja a b i001 0 eng d |
| 010 |
|
|
|a 00708668
|
| 020 |
|
|
|a 8170366186
|
| 020 |
|
|
|a 9280809229
|
| 040 |
|
|
|a MIA
|c MIA
|d GZM
|d ZBL
|d DLC
|d BD-DhAAL
|
| 082 |
0 |
0 |
|a 305.4/0954
|2 21
|
| 100 |
1 |
|
|a Dube, Leela.
|
| 245 |
1 |
0 |
|a Women and kinship :
|b comparative perspectives on gender in South and South-East Asia /
|c by Leela Dube.
|
| 260 |
|
|
|a Tokyo ;
|a New York :
|b United Nations University Press,
|c 1997.
|
| 300 |
|
|
|a x, 214 p. :
|b ill. ;
|c 24 cm.
|
| 500 |
|
|
|a "UNUP-922"--T.p. verso.
|
| 504 |
|
|
|a Includes bibliographical references (p. 169-210) and index.
|
| 541 |
1 |
|
|e 00008131
|
| 650 |
|
0 |
|a Women
|z South Asia.
|
| 650 |
|
0 |
|a Kinship
|z South Asia.
|
| 650 |
|
0 |
|a Gender identity
|z South Asia.
|
| 650 |
|
0 |
|a Women
|z Southeast Asia.
|
| 650 |
|
0 |
|a Kinship
|z Southeast Asia.
|
| 650 |
|
0 |
|a Gender identity
|z Southeast Asia.
|
| 710 |
2 |
|
|a United Nations University.
|
| 999 |
|
|
|c 6668
|d 6668
|
| 952 |
|
|
|0 0
|1 0
|2 ddc
|4 0
|6 305_409540000000000_DUB_1997
|7 0
|9 6828
|a BRACUL
|b BRACUL
|c GEN
|d 2010-01-04
|l 0
|o 305.40954 DUB
|p 3010008131
|r 2022-11-20
|t 1
|w 2010-01-04
|y BK
|